[Event "Bucharest Romgaz op 2nd"]
[Site "Bucharest"]
[Date "2008.09.13"]
[Round "3"]
[White "Tomoae, Marian"]
[Black "Breahna, Radu"]
[Result "1/2-1/2"]
[WhiteElo "2080"]
[BlackElo "2307"]
[PlyCount "42"]
[EventDate "2008.09.11"]
[EventType "swiss"]
[EventRounds "9"]
[EventCountry "ROU"]
[SourceTitle "CBM 126 Extra"]
[Source "ChessBase"]
[SourceDate "2008.11.05"]
[SourceVersion "1"]
[SourceVersionDate "2008.11.05"]
[SourceQuality "1"]

1. Nf3 c5 2. c4 Nf6 3. Nc3 b6 4. g3 Bb7 5. Bg2 e6 6. 0-0 a6 7. a3 Qc7 8. d3 Be7 9. e4 d6 10. Re1 Nbd7 11. Bg5 h6 12. Bf4 0-0 13. Rc1 Rac8 14. Bf1 Qb8 15. Rb1 Qa8 16. Qe2 Rfe8 17. Rbd1 Bf8 18. Bg2 Ng4 19. Bc1 g6 20. Bh3 Nge5 21. Nxe5 Nxe5 1/2-1/2

[Event "Bucharest op"]
[Site "Bucharest"]
[Date "2007.09.??"]
[Round "?"]
[White "Tomoae, Marian"]
[Black "Ionesi, Cristian"]
[Result "0-1"]
[WhiteElo "2145"]
[BlackElo "2306"]
[PlyCount "50"]
[EventDate "2007.09.??"]
[EventType "swiss"]
[EventRounds "9"]
[EventCountry "ROU"]
[SourceTitle "EXT 2010"]
[Source "ChessBase"]
[SourceDate "2010.11.25"]
[SourceVersion "1"]
[SourceVersionDate "2010.11.25"]
[SourceQuality "1"]

1. d4 c6 2. Nf3 Nf6 3. c4 d5 4. Nc3 dxc4 5. a4 Bf5 6. e3 e6 7. Bxc4 Bb4 8. 0-0 0-0 9. Ne5 Nbd7 10. Nf3 Bg4 11. Be2 Rc8 12. Qb3 Qe7 13. Re1 Rfd8 14. Bd2 c5 15. dxc5 a5 16. Nb1 Bxf3 17. Bxb4 Bxe2 18. Bxa5 Nxc5 19. Bxd8 Qxd8 20. Qc2 Bd3 21. Qd1 Qb6 22. a5 Qxb2 23. Nd2 Nfe4 24. Nxe4 Nxe4 25. Qxd3 Qxf2+ 0-1